WTO and India's exports : (Record no. 139182)

MARC details
000 -LEADER
fixed length control field 00738nam a22001937a 4500
005 - DATE AND TIME OF LATEST TRANSACTION
control field 20170421124850.0
010 ## - LCCN (DPL NO)
LC control number ENG-117903
020 ## - INTERNATIONAL STANDARD BOOK NUMBER
Terms of availability 2180.00
International Standard Book Number 9788184845341
035 ## - SYSTEM CONTROL NUMBER
System control number EN-101435
037 ## - SOURCE OF ACQUISITION
Source of stock number/acquisition DBAD/PUB
100 ## - MAIN ENTRY--PERSONAL NAME
Personal name Sharma,Kalpana
245 ## - TITLE STATEMENT
Title WTO and India's exports :
Statement of responsibility, etc by Kalpana Sharma [and] Nar Singh
Remainder of title performance,policy measures and challenges of productivity and competitiveness /
260 ## - PUBLICATION, DISTRIBUTION, ETC. (IMPRINT)
Place of publication, distribution, etc New Delhi
Name of publisher, distributor, etc Rahul Composers
Date of publication, distribution, etc 2016
270 ## - ADDRESS
Address New Highway Apartments, Lakshmi Niwas 760,Pocket-D, Lok Nayak Puram,
City New Delhi
Postal code 110041
300 ## - PHYSICAL DESCRIPTION
Extent xii,513p.:
Dimensions 22cm(Hb)
Other physical details ill.
500 ## - GENERAL NOTE
General note includes bibliograpical reference and index
700 ## - ADDED ENTRY--PERSONAL NAME
Personal name Nar Singh
942 ## - ADDED ENTRY ELEMENTS (KOHA)
Source of classification or shelving scheme Dewey Decimal Classification
Item type English Books
Classification part 338.10954
Call number suffix SHA
Holdings
Withdrawn status Lost status Not for loan Collection code Home library Current library Date acquired Source of acquisition Cost, normal purchase price Full call number Barcode Copy number Cost, replacement price Koha item type
    Not For Loan Non-fiction D.B.Act.Division Bawana 21/04/2017 DBAD/PUB. 2180.00 338.10954 SHA EN-101435 1 2180.00 English Books

© Delhi Public Library
Hit Counter
free hit counter